000 00306nam a2200133Ia 4500
100 _aChampion & Arnold
942 _cBK
654 _aCalculatios
245 _aMotor Vehicle Calculations & Science I
260 _bEdward Arnold (pub) Ltd.
_c2001
082 _a629.2
300 _a260
546 _aENGLISH
999 _c32389
_d32389